000 01277nam0a22002771 4500
001 rc\4917389
005 20250613040708.0
021 _aRU
_b[60-42943]
035 _a(NLR Aleph) 008938931
090 _a8933245
_c8933245
100 _a20130426d1960 |||y0rusy50 ca
101 0 _arus
102 _aRU
105 _aa z |||||
200 1 _aПроектирование механизации внутрицехового транспорта литейных и кузнечных цехов
_fЦентр. правл. Науч.-техн. о-ва машиностроит. пром-сти. Обществ. ун-т. Заоч. курсы по проектированию предприятий машиностроит. пром-сти
210 _a[Москва]
_cПрофиздат
_d1960
215 _a98 с., 2 л. схем.
_cил.
_d22
606 _aКузнечные цехи
_xВнутрицеховой транспорт
_xМеханизация
_2psbo
606 _aЛитейные цехи
_xВнутрицеховой транспорт
_xМеханизация
_2psbo
700 1 _aБерлинблау
_bА.Г.
701 1 _aЮзвук
_bА.А.
801 0 _aRU
_bNLR
_gpsbo
801 1 _aRU
_bELAR
_2rusmarc
852 _aNLR
_j60-6/5315
942 _cBOOK
980 _aNB